000 00334nam a22001457a 4500
008 221114b ||||| |||| 00| 0 eng d
020 _a9781305109391
041 _aeng
080 _2SIXTH EDITION
_a159.9
082 _a159.9
100 _a25
101 _aPSI
245 _aBEHAVIOR MODIFICATION
_cMILTENBERGER R
942 _2udc
_cBK
999 _c58889
_d58889